000 00193 a2200097 4500
001 17418
100 _aMunir
245 _aFrom jinnah to zia
260 _a
_bVangaurd
_c
090 _c12871
_d12871
942 _aNUST-CAE
_cM
_c3193
999 _c252491
_d252491